[Event "RUS-ch Men Rapid 2019"]
[Site "Sochi"]
[Date "2019.10.15"]
[Round "4.18"]
[White "Gaydym, Arseniy"]
[Black "Zakhartsov, Vladimir"]
[Result "1-0"]
[WhiteElo "2139"]
[BlackElo "2527"]
[Annotator "RC"]
[PlyCount "83"]
[EventDate "2019.10.15"]
[EventType "swiss"]
[EventCountry "RUS"]
[SourceTitle "playchess.com"]
[Source "ChessBase"]
[SourceQuality "1"]
[TimeControl "900+10"]

1. e4 {[%emt 0:00:00]} c5 {[%emt 0:00:00]} 2. Nc3 {[%emt 0:00:00]} Nc6 {[%emt 0:00:09]} 3. g3 {[%emt 0:00:03]} g6 {[%emt 0:00:01]} 4. Bg2 {[%emt 0:00:01]} Bg7 {[%emt 0:00:02]} 5. d3 {[%emt 0:00:02]} e5 {[%emt 0:00:15]} 6. Be3 {[%emt 0:00:04]} d6 {[%emt 0:00:02]} 7. Qd2 {[%emt 0:00:01]} Nge7 {[%emt 0:00:03]} 8. Bh6 {[%emt 0:00:02]} Bxh6 {[%emt 0:00:07]} 9. Qxh6 {[%emt 0:00:06]} Nd4 {[%emt 0:00:03]} 10. Qd2 {[%emt 0:00:09]} b5 {[%emt 0:01:10]} 11. Nd5 {[%emt 0:00:43]} Nxd5 {[%emt 0:00:29]} 12. exd5 {[%emt 0:00:02]} O-O {[%emt 0:00:07]} 13. c3 {[%emt 0:00:23]} Nf5 {[%emt 0:00:01]} 14. Ne2 {[%emt 0:00:14]} Bb7 {[%emt 0:00:21]} 15. c4 {[%emt 0:00:33]} bxc4 {[%emt 0:00:12]} 16. dxc4 {[%emt 0:00:05]} a5 {[%emt 0:00:02]} 17. O-O {[%emt 0:00:34]} Nd4 {[%emt 0:00:11]} 18. f4 {[%emt 0:00:57]} f6 {[%emt 0:00:18]} 19. fxe5 {[%emt 0:00:09]} fxe5 {[%emt 0:00:01]} 20. Nxd4 {[%emt 0:00:09]} cxd4 {[%emt 0:00:17]} 21. Rxf8+ {[%emt 0:01:27]} Qxf8 {[%emt 0:00:01]} 22. Rf1 {[%emt 0:00:12]} Qe7 {[%emt 0:00:05]} 23. b3 {[%emt 0:01:20]} Kg7 {[%emt 0:01:04]} 24. c5 {[%emt 0:04:45]} dxc5 {[%emt 0:00:47]} 25. d6 {[%emt 0:00:04]} Qd7 {[%emt 0:00:01]} 26. Qg5 {[%emt 0:00:02]} Bxg2 {[%emt 0:04:25]} 27. Qxe5+ {[%emt 0:00:08]} Kg8 {[%emt 0:00:02]} 28. Kxg2 {[%emt 0:00:03]} Qc6+ {[%emt 0:00:02]} 29. Kg1 {[%emt 0:00:07]} Re8 {[%emt 0:00:08]} 30. Qf6 {[%emt 0:01:26]} Qd5 {[%emt 0:00:37]} 31. h4 {[%emt 0:01:16]} Qe5 {[%emt 0:00:27]} 32. Qf7+ {[%emt 0:01:46]} Kh8 {[%emt 0:00:04]} 33. Kh2 {[%emt 0:01:16]} Rd8 {[%emt 0:07:36]} 34. Qe7 {[%emt 0:01:20]} Qxd6 {[%emt 0:00:15]} 35. Rf8+ {[%emt 0:00:03]} Rxf8 {[%emt 0:00:01]} 36. Qxd6 {[%emt 0:00:01]} Kg8 {[%emt 0:00:56]} 37. Qxc5 {[%emt 0:00:05]} Rd8 {[%emt 0:00:04]} 38. Qxa5 {[%emt 0:00:05]} Rd7 {[%emt 0:00:06]} 39. Qb5 {[%emt 0:00:11]} Rd8 {[%emt 0:00:06]} 40. Qb6 {[%emt 0:00:03]} Rd7 {[%emt 0:00:05]} 41. Qe6+ {[%emt 0:00:02]} Rf7 {[%emt 0:00:01]} 42. Qd5 {[%emt 0:00:01]} 1-0

[Event "RUS-ch Men Rapid 2019"]
[Site "Sochi"]
[Date "2019.10.15"]
[Round "4.19"]
[White "Belozerov, Andrei"]
[Black "Ivlev, Aleksey"]
[Result "1/2-1/2"]
[WhiteElo "2506"]
[BlackElo "2292"]
[Annotator "ChessBase"]
[PlyCount "99"]
[EventDate "2019.10.15"]
[EventType "swiss"]
[EventCountry "RUS"]
[SourceTitle "playchess.com"]
[Source "ChessBase"]
[SourceQuality "1"]
[TimeControl "900+10"]

1. e4 {[%emt 0:00:00]} e5 {[%emt 0:00:00]} 2. Nf3 {[%emt 0:00:00]} Nc6 {[%emt 0:00:00]} 3. Bb5 {[%emt 0:00:00]} a6 {[%emt 0:00:00]} 4. Ba4 {[%emt 0:00:00]} Nf6 {[%emt 0:00:00]} 5. O-O {[%emt 0:00:00]} Nxe4 {[%emt 0:00:00]} 6. d4 {[%emt 0:00:00]} b5 {[%emt 0:00:01]} 7. Bb3 {[%emt 0:00:00]} d5 {[%emt 0:00:01]} 8. dxe5 {[%emt 0:00:02]} Be6 {[%emt 0:00:01]} 9. Nbd2 {[%emt 0:00:02]} Nc5 {[%emt 0:00:03]} 10. c3 {[%emt 0:00:15]} Be7 {[%emt 0:00:03]} 11. Bc2 {[%emt 0:00:44]} d4 {[%emt 0:00:28]} 12. cxd4 {[%emt 0:00:21]} Nxd4 {[%emt 0:00:03]} 13. Nxd4 {[%emt 0:00:03]} Qxd4 {[%emt 0:00:01]} 14. Nf3 {[%emt 0:00:01]} Qxd1 {[%emt 0:02:10]} 15. Rxd1 {[%emt 0:00:02]} O-O {[%emt 0:01:54]} 16. Ng5 {[%emt 0:00:15]} h6 {[%emt 0:00:50]} 17. Bh7+ {[%emt 0:00:08]} Kh8 {[%emt 0:00:10]} 18. Nxe6 {[%emt 0:00:02]} Nxe6 {[%emt 0:00:17]} 19. Be4 {[%emt 0:00:03]} Rad8 {[%emt 0:00:05]} 20. Be3 {[%emt 0:00:17]} Bc5 {[%emt 0:02:12]} 21. Bxc5 {[%emt 0:04:27]} Nxc5 {[%emt 0:00:01]} 22. Bc2 {[%emt 0:00:07]} g5 {[%emt 0:00:26]} 23. g3 {[%emt 0:02:20]} Ne6 {[%emt 0:01:15]} 24. Kg2 {[%emt 0:00:44]} Nd4 {[%emt 0:02:45]} 25. Rac1 {[%emt 0:02:51]} c5 {[%emt 0:01:57]} 26. Be4 {[%emt 0:00:37]} c4 {[%emt 0:00:21]} 27. Rd2 {[%emt 0:00:19]} Ne6 {[%emt 0:00:13]} 28. Rcd1 {[%emt 0:00:07]} Rxd2 {[%emt 0:02:40]} 29. Rxd2 {[%emt 0:01:16]} Kg7 {[%emt 0:00:03]} 30. Kf3 {[%emt 0:00:58]} Nc5 {[%emt 0:00:16]} 31. Ke3 {[%emt 0:00:33]} Rc8 {[%emt 0:00:44]} 32. Bc2 {[%emt 0:01:00]} b4 {[%emt 0:00:35]} 33. Rd6 {[%emt 0:01:24]} a5 {[%emt 0:00:20]} 34. Rb6 {[%emt 0:00:56]} Rd8 {[%emt 0:00:26]} 35. Rb5 {[%emt 0:00:16]} Ne6 {[%emt 0:00:12]} 36. Rxa5 {[%emt 0:00:28]} Nd4 {[%emt 0:00:07]} 37. Be4 {[%emt 0:00:01]} b3 {[%emt 0:00:02]} 38. axb3 {[%emt 0:00:07]} Nxb3 {[%emt 0:00:23]} 39. Ra7 {[%emt 0:00:18]} Kf8 {[%emt 0:00:08]} 40. Ra8 {[%emt 0:00:18]} Rxa8 {[%emt 0:00:06]} 41. Bxa8 {[%emt 0:00:01]} Nc5 {[%emt 0:00:08]} 42. Bd5 {[%emt 0:00:17]} c3 {[%emt 0:00:17]} 43. bxc3 {[%emt 0:00:03]} Ke7 {[%emt 0:00:01]} 44. Kd4 {[%emt 0:00:05]} Na4 {[%emt 0:00:02]} 45. Bb3 {[%emt 0:00:04]} Nb6 {[%emt 0:00:00]} 46. f4 {[%emt 0:00:03]} Nd7 {[%emt 0:00:06]} 47. Ba4 {[%emt 0:00:11]} Nf8 {[%emt 0:00:01]} 48. f5 {[%emt 0:00:04]} g4 {[%emt 0:00:03]} 49. f6+ {[%emt 0:00:20]} Ke6 {[%emt 0:00:00]} 50. Bb3+ {[%emt 0:00:02] Kd5+} 1/2-1/2

[Event "RUS-ch Men Rapid 2019"]
[Site "Sochi"]
[Date "2019.10.15"]
[Round "4.20"]
[White "Antipov, Mikhail Al."]
[Black "Gabitov, Ruslan"]
[Result "1-0"]
[WhiteElo "2658"]
[BlackElo "2172"]
[Annotator "RC"]
[PlyCount "75"]
[EventDate "2019.10.15"]
[EventType "swiss"]
[EventCountry "RUS"]
[SourceTitle "playchess.com"]
[Source "ChessBase"]
[SourceQuality "1"]
[TimeControl "900+10"]

1. e4 {[%emt 0:00:00]} e5 {[%emt 0:00:00]} 2. Nf3 {[%emt 0:00:00]} Nc6 {[%emt 0:00:00]} 3. Bc4 {[%emt 0:00:00]} Nf6 {[%emt 0:00:01]} 4. d3 {[%emt 0:00:00]} Be7 {[%emt 0:00:02]} 5. O-O {[%emt 0:00:00]} O-O {[%emt 0:00:02]} 6. a4 {[%emt 0:00:04]} d6 {[%emt 0:00:40]} 7. h3 {[%emt 0:00:19]} a6 {[%emt 0:00:52]} 8. a5 {[%emt 0:00:18]} h6 {[%emt 0:01:06]} 9. Nc3 {[%emt 0:01:04]} Nh7 {[%emt 0:00:26]} 10. Nd5 {[%emt 0:00:21]} Be6 {[%emt 0:00:19]} 11. c3 {[%emt 0:00:29]} Bxd5 {[%emt 0:01:00]} 12. Bxd5 {[%emt 0:00:03]} Nxa5 {[%emt 0:00:46]} 13. Qa4 {[%emt 0:01:20]} c6 {[%emt 0:00:16]} 14. Qxa5 {[%emt 0:03:48]} cxd5 {[%emt 0:00:02]} 15. Qxd5 {[%emt 0:00:04]} Qc7 {[%emt 0:00:11]} 16. Be3 {[%emt 0:00:57]} Kh8 {[%emt 0:00:56]} 17. Nd2 {[%emt 0:03:32]} Nf6 {[%emt 0:02:15]} 18. Qa5 {[%emt 0:00:12]} Qxa5 {[%emt 0:00:21]} 19. Rxa5 {[%emt 0:00:00]} d5 {[%emt 0:01:02]} 20. Rfa1 {[%emt 0:02:02]} Rfd8 {[%emt 0:01:47]} 21. Bb6 {[%emt 0:00:43]} Rd7 {[%emt 0:00:04]} 22. Nf3 {[%emt 0:00:01]} dxe4 {[%emt 0:01:58]} 23. Nxe5 {[%emt 0:00:07]} Rd5 {[%emt 0:00:01]} 24. dxe4 {[%emt 0:00:24]} Rxa5 {[%emt 0:00:24]} 25. Rxa5 {[%emt 0:00:03]} Nxe4 {[%emt 0:00:08]} 26. Nxf7+ {[%emt 0:00:03]} Kg8 {[%emt 0:00:01]} 27. Nxh6+ {[%emt 0:01:18]} gxh6 {[%emt 0:00:09]} 28. Re5 {[%emt 0:00:01]} Ba3 {[%emt 0:00:26]} 29. bxa3 {[%emt 0:00:21]} Nxc3 {[%emt 0:00:02]} 30. Re7 {[%emt 0:00:00]} Na4 {[%emt 0:00:31]} 31. Rxb7 {[%emt 0:00:08]} Rc8 {[%emt 0:00:12]} 32. Bd4 {[%emt 0:00:07]} Rc1+ {[%emt 0:00:26]} 33. Kh2 {[%emt 0:00:01]} Rc4 {[%emt 0:00:02]} 34. Rb4 {[%emt 0:00:01]} Rxb4 35. axb4 {[%emt 0:00:01]} Kf7 {[%emt 0:00:24]} 36. g4 {[%emt 0:00:01]} Ke6 {[%emt 0:00:13]} 37. h4 {[%emt 0:00:01]} Kd5 {[%emt 0:00:09]} 38. g5 {[%emt 0:00:04]} 1-0

[Event "RUS-ch Men Rapid 2019"]
[Site "Sochi"]
[Date "2019.10.15"]
[Round "4.21"]
[White "Bocharov, Dmitry"]
[Black "Papenin, Nikolai"]
[Result "1-0"]
[WhiteElo "2673"]
[BlackElo "2295"]
[Annotator "RC"]
[PlyCount "51"]
[EventDate "2019.10.15"]
[EventType "swiss"]
[EventCountry "RUS"]
[SourceTitle "playchess.com"]
[Source "ChessBase"]
[SourceQuality "1"]
[TimeControl "900+10"]

1. c4 {[%emt 0:00:28]} Nf6 {[%emt 0:00:00]} 2. Nc3 {[%emt 0:00:12]} c5 {[%emt 0:00:00]} 3. g3 {[%emt 0:00:03]} Nc6 {[%emt 0:00:00]} 4. Bg2 {[%emt 0:00:03]} g6 {[%emt 0:00:00]} 5. Nf3 {[%emt 0:00:10]} Bg7 {[%emt 0:00:00]} 6. d4 {[%emt 0:00:02]} cxd4 {[%emt 0:00:03]} 7. Nxd4 {[%emt 0:00:02]} O-O {[%emt 0:00:05]} 8. Nc2 {[%emt 0:00:03]} d6 {[%emt 0:00:42]} 9. b3 {[%emt 0:00:10]} Qa5 {[%emt 0:00:16]} 10. Bd2 {[%emt 0:00:03]} Qh5 {[%emt 0:00:30]} 11. h3 {[%emt 0:00:10]} Be6 {[%emt 0:01:14]} 12. Ne3 {[%emt 0:00:08]} Rac8 {[%emt 0:02:25]} 13. Rc1 {[%emt 0:00:45]} a6 {[%emt 0:00:23]} 14. Ned5 {[%emt 0:01:24]} Bxd5 {[%emt 0:00:59]} 15. cxd5 {[%emt 0:01:07]} Nb4 {[%emt 0:00:52]} 16. Bf3 {[%emt 0:00:26]} Qf5 {[%emt 0:01:22]} 17. a3 {[%emt 0:06:22]} Nbxd5 {[%emt 0:00:11]} 18. Nxd5 {[%emt 0:00:07]} Nxd5 {[%emt 0:00:02]} 19. Rxc8 {[%emt 0:00:41]} Rxc8 {[%emt 0:00:01]} 20. Bg4 {[%emt 0:00:05]} Qe4 {[%emt 0:00:01]} 21. f3 {[%emt 0:00:03]} Qe5 {[%emt 0:00:01]} 22. Bxc8 {[%emt 0:00:19]} Qxg3+ {[%emt 0:00:03]} 23. Kf1 {[%emt 0:00:03]} Bc3 {[%emt 0:02:32]} 24. Bxb7 {[%emt 0:00:39]} Qe5 {[%emt 0:00:29]} 25. Bxd5 {[%emt 0:01:03]} Qxd5 {[%emt 0:00:03]} 26. e4 {[%emt 0:00:54]} 1-0

[Event "RUS-ch Men Rapid 2019"]
[Site "Sochi"]
[Date "2019.10.15"]
[Round "4.22"]
[White "Grachev, Boris"]
[Black "Volovich, Vasily"]
[Result "1-0"]
[WhiteElo "2641"]
[BlackElo "2120"]
[Annotator "TA"]
[PlyCount "61"]
[EventDate "2019.10.15"]
[EventType "swiss"]
[EventCountry "RUS"]
[SourceTitle "playchess.com"]
[Source "ChessBase"]
[SourceQuality "1"]

{[%evp 21,66,29,54,49,68,30,28,28,24,40,35,34,31,34,31,31,47,50,101,77,82,83,106,106,132,132,159,164,208,202,246,243,622,640,659,632,656,652,630,635,617,605,802,798,989,780,851]} 1. Nf3 Nf6 2. c4 e6 3. Nc3 d5 4. e3 Be7 5. b3 O-O 6. Bb2 c5 7. cxd5 exd5 8. d4 Nc6 9. Be2 Bg4 10. dxc5 Bxc5 11. O-O Re8 12. Rc1 {D32: Tarrasch Defence: Sidelines and lines without g3} Bf8 13. Nb5 (13. h3 Bh5 14. Nh4 Bxe2 15. Nxe2 Ne4 16. Nf3 Qa5 17. a3 Rad8 18. Ned4 Qb6 19. Qe2 Nxd4 20. Nxd4 {1-0 (40) Zude,E (2407)-Hansen,T (2442) Hofheim 2017}) 13... Ne4 14. Nbd4 {White has an edge.} Rc8 15. h3 $146 ({Predecessor:} 15. Rc2 Nb4 16. Rxc8 Bxc8 17. a3 Nc6 18. b4 a5 19. b5 Nxd4 20. Qxd4 Be6 21. Rd1 Nd6 {½-½ (21) Wihlborn,B (1820)-Thornton,J (2061) Rhodes 2019}) 15... Bd7 16. Nxc6 bxc6 17. Ba6 Rb8 18. Ne5 Re6 19. Bd3 $36 {[%mdl 2048] [#] Bxe4 is the strong threat. White is more active.} f5 (19... Be8 $14) 20. f4 Be8 21. Bxe4 dxe4 22. Qc2 Kh8 23. Rfd1 Qb6 24. Bd4 Qa6 25. Bc5 Bh5 26. Rd2 {Hoping for Nd7.} h6 $2 (26... Bxc5 27. Qxc5 Qb6) 27. Nd7 $18 {White is clearly winning.} Bxc5 28. Nxc5 Qc8 29. Nxe6 {[%mdl 64] [#] Discovered Attack} Qxe6 30. Qxc6 Qe7 31. Rd7 {Played: Qc6-d6} 1-0

[Event "RUS-ch Men Rapid 2019"]
[Site "Sochi"]
[Date "2019.10.15"]
[Round "4.23"]
[White "Bespalov, Konstantin"]
[Black "Triapishko, Alexandr"]
[Result "0-1"]
[WhiteElo "2258"]
[BlackElo "2581"]
[Annotator "ChessBase"]
[PlyCount "66"]
[EventDate "2019.10.15"]
[EventType "swiss"]
[EventCountry "RUS"]
[SourceTitle "playchess.com"]
[Source "ChessBase"]
[SourceQuality "1"]
[TimeControl "900+10"]

1. e4 {[%emt 0:00:00]} c6 {[%emt 0:00:19]} 2. Nc3 {[%emt 0:00:00]} d5 {[%emt 0:00:05]} 3. d3 {[%emt 0:00:04]} dxe4 {[%emt 0:01:13]} 4. Bf4 {[%emt 0:00:15]} Nd7 {[%emt 0:01:01]} 5. dxe4 {[%emt 0:00:09]} e5 {[%emt 0:00:28]} 6. Be3 {[%emt 0:00:19]} Ngf6 {[%emt 0:00:39]} 7. Bd3 {[%emt 0:02:11]} Nc5 {[%emt 0:01:54]} 8. f3 {[%emt 0:02:03]} Be6 {[%emt 0:00:42]} 9. Nge2 {[%emt 0:00:32]} Be7 {[%emt 0:00:19]} 10. O-O {[%emt 0:00:26]} O-O {[%emt 0:00:09]} 11. Nc1 {[%emt 0:00:38]} a5 {[%emt 0:01:36]} 12. Be2 {[%emt 0:00:07]} b5 {[%emt 0:00:51]} 13. Nd3 {[%emt 0:00:14]} Nfd7 {[%emt 0:00:09]} 14. Qe1 {[%emt 0:00:52]} Nxd3 {[%emt 0:00:57]} 15. Bxd3 {[%emt 0:00:19]} Bc5 {[%emt 0:00:13]} 16. Qf2 {[%emt 0:01:16]} Qe7 {[%emt 0:00:27]} 17. Rfe1 {[%emt 0:01:00]} Rfd8 {[%emt 0:00:33]} 18. Nd1 {[%emt 0:00:19]} g6 {[%emt 0:01:48]} 19. Bf1 {[%emt 0:00:50]} b4 {[%emt 0:00:57]} 20. Bxc5 {[%emt 0:01:00]} Nxc5 {[%emt 0:00:41]} 21. Ne3 {[%emt 0:00:09]} Na4 {[%emt 0:00:25]} 22. b3 {[%emt 0:01:55]} Nc3 {[%emt 0:00:19]} 23. Bc4 {[%emt 0:00:02]} a4 {[%emt 0:00:17]} 24. Bd3 {[%emt 0:02:45]} Qc5 {[%emt 0:00:36]} 25. Ng4 {[%emt 0:00:32]} Qxf2+ {[%emt 0:00:08]} 26. Nxf2 {[%emt 0:00:03]} c5 {[%emt 0:00:23]} 27. Rec1 {[%emt 0:00:21]} c4 {[%emt 0:01:32]} 28. bxc4 {[%emt 0:00:15]} Rac8 {[%emt 0:00:16]} 29. a3 {[%emt 0:00:06]} Bxc4 {[%emt 0:00:06]} 30. Bxc4 {[%emt 0:00:55]} Rxc4 {[%emt 0:00:02]} 31. Kf1 {[%emt 0:00:01]} b3 {[%emt 0:00:19]} 32. cxb3 {[%emt 0:00:12]} axb3 {[%emt 0:00:04]} 33. Re1 {[%emt 0:00:08]} b2 {[%emt 0:00:03]} 0-1

[Event "RUS-ch Men Rapid 2019"]
[Site "Sochi"]
[Date "2019.10.15"]
[Round "4.24"]
[White "Nozdrachev, Vladislav"]
[Black "Nazaryev, Sergey"]
[Result "1/2-1/2"]
[WhiteElo "2560"]
[BlackElo "2270"]
[Annotator "ChessBase"]
[PlyCount "85"]
[EventDate "2019.10.15"]
[EventType "swiss"]
[EventCountry "RUS"]
[SourceTitle "playchess.com"]
[Source "ChessBase"]
[SourceQuality "1"]
[TimeControl "900+10"]

1. e4 {[%emt 0:00:00]} c6 {[%emt 0:00:00]} 2. d4 {[%emt 0:00:05]} d5 {[%emt 0:00:00]} 3. exd5 {[%emt 0:00:03]} cxd5 {[%emt 0:00:00]} 4. Bd3 {[%emt 0:00:01]} Nc6 {[%emt 0:00:00]} 5. c3 {[%emt 0:00:01]} Nf6 {[%emt 0:00:13]} 6. Bf4 {[%emt 0:00:03]} Bg4 {[%emt 0:00:14]} 7. Qb3 {[%emt 0:00:02]} Qd7 {[%emt 0:00:10]} 8. Nd2 {[%emt 0:00:03]} e6 {[%emt 0:00:02]} 9. h3 {[%emt 0:00:08]} Bh5 {[%emt 0:00:13]} 10. Ngf3 {[%emt 0:00:02]} Bd6 {[%emt 0:01:41]} 11. Bxd6 {[%emt 0:00:31]} Qxd6 {[%emt 0:00:01]} 12. O-O {[%emt 0:00:04]} Bxf3 {[%emt 0:00:57]} 13. Nxf3 {[%emt 0:00:03]} O-O {[%emt 0:00:23]} 14. Rfe1 {[%emt 0:02:32]} Rab8 {[%emt 0:00:17]} 15. Ne5 {[%emt 0:00:16]} Nd7 {[%emt 0:00:32]} 16. f4 {[%emt 0:00:22]} f5 {[%emt 0:01:03]} 17. Nxd7 {[%emt 0:02:19]} Qxd7 {[%emt 0:00:01]} 18. Re3 {[%emt 0:00:02]} Rf6 {[%emt 0:01:04]} 19. Rae1 {[%emt 0:00:05]} Qd6 {[%emt 0:00:14]} 20. g3 {[%emt 0:00:16]} h6 {[%emt 0:01:30]} 21. Qd1 {[%emt 0:01:18]} Rbf8 {[%emt 0:00:37]} 22. Qe2 {[%emt 0:00:12]} Nd8 {[%emt 0:00:13]} 23. h4 {[%emt 0:00:09]} g5 {[%emt 0:02:10]} 24. hxg5 {[%emt 0:04:47]} hxg5 {[%emt 0:00:01]} 25. fxg5 {[%emt 0:00:01]} Rg6 {[%emt 0:00:15]} 26. Qh5 {[%emt 0:00:02]} Kg7 {[%emt 0:00:21]} 27. Qh4 {[%emt 0:00:26]} Qe7 {[%emt 0:01:18]} 28. Kg2 {[%emt 0:00:32]} Rh8 {[%emt 0:01:19]} 29. Qf4 {[%emt 0:00:22]} Qxg5 {[%emt 0:00:21]} 30. Qxg5 {[%emt 0:00:34]} Rxg5 {[%emt 0:00:01]} 31. R1e2 {[%emt 0:00:16]} Rgh5 {[%emt 0:00:31]} 32. Kf3 {[%emt 0:00:46]} Rh2 {[%emt 0:00:48]} 33. Bb5 {[%emt 0:00:21]} Rxe2 {[%emt 0:00:31]} 34. Rxe2 {[%emt 0:00:06]} Kf6 {[%emt 0:00:06]} 35. a4 {[%emt 0:00:40]} Nf7 {[%emt 0:00:12]} 36. Bd3 {[%emt 0:00:54]} Rh1 {[%emt 0:01:02]} 37. Kg2 {[%emt 0:00:13]} Rd1 {[%emt 0:00:22]} 38. Bc2 {[%emt 0:00:10]} Rc1 {[%emt 0:00:06]} 39. g4 {[%emt 0:00:10]} f4 {[%emt 0:00:24]} 40. Kf3 {[%emt 0:00:16]} Rf1+ {[%emt 0:00:12]} 41. Kg2 {[%emt 0:00:02]} Rc1 {[%emt 0:00:01]} 42. Kf3 {[%emt 0:00:07]} Rf1+ {[%emt 0:00:01]} 43. Kg2 {[%emt 0:00:01]} 1/2-1/2

[Event "RUS-ch Men Rapid 2019"]
[Site "Sochi"]
[Date "2019.10.15"]
[Round "4.25"]
[White "Morozevich, Alexander"]
[Black "Chizhikov, Vladislav"]
[Result "1-0"]
[WhiteElo "2550"]
[BlackElo "2273"]
[Annotator "ChessBase"]
[PlyCount "47"]
[EventDate "2019.10.15"]
[EventType "swiss"]
[EventCountry "RUS"]
[SourceTitle "playchess.com"]
[Source "ChessBase"]
[SourceQuality "1"]
[TimeControl "900+10"]

1. Nf3 {[%emt 0:00:00]} c5 {[%emt 0:00:00]} 2. e4 {[%emt 0:00:01]} Nc6 {[%emt 0:00:01]} 3. Nc3 {[%emt 0:00:13]} g6 {[%emt 0:00:05]} 4. Bb5 {[%emt 0:00:01]} Bg7 {[%emt 0:00:06]} 5. O-O {[%emt 0:00:02]} Nd4 {[%emt 0:00:32]} 6. Ba4 {[%emt 0:00:35]} e6 {[%emt 0:00:09]} 7. Nxd4 {[%emt 0:00:20]} cxd4 {[%emt 0:00:06]} 8. Nb5 {[%emt 0:00:40]} Qb6 {[%emt 0:00:05]} 9. c3 {[%emt 0:00:03]} e5 {[%emt 0:01:31]} 10. cxd4 {[%emt 0:00:18]} exd4 {[%emt 0:00:06]} 11. e5 {[%emt 0:00:54]} Kf8 {[%emt 0:02:22]} 12. Re1 {[%emt 0:02:06]} d5 {[%emt 0:00:18]} 13. exd6 {[%emt 0:01:04]} Nf6 {[%emt 0:00:25]} 14. d3 {[%emt 0:00:29]} Bd7 {[%emt 0:00:08]} 15. Qb3 {[%emt 0:00:12]} Rd8 {[%emt 0:02:37]} 16. Bf4 {[%emt 0:01:09]} Be6 {[%emt 0:01:49]} 17. Rxe6 {[%emt 0:01:25]} fxe6 {[%emt 0:00:02]} 18. Nc7 {[%emt 0:01:23]} Qxb3 {[%emt 0:01:35]} 19. Bxb3 {[%emt 0:00:02]} Rd7 {[%emt 0:01:01]} 20. Nxe6+ {[%emt 0:00:27]} Ke8 {[%emt 0:00:34]} 21. Re1 {[%emt 0:00:33]} Kf7 {[%emt 0:00:27]} 22. Nc5+ {[%emt 0:00:52]} Kf8 {[%emt 0:00:05]} 23. Nxd7+ {[%emt 0:00:04]} Nxd7 {[%emt 0:00:07]} 24. Re7 {[%emt 0:00:05]} 1-0

[Event "RUS-ch Men Rapid 2019"]
[Site "Sochi"]
[Date "2019.10.15"]
[Round "4.26"]
[White "Papin, Vasily"]
[Black "Orlinkov, Maxim L."]
[Result "1-0"]
[WhiteElo "2541"]
[BlackElo "2297"]
[Annotator "ChessBase"]
[PlyCount "121"]
[EventDate "2019.10.15"]
[EventType "swiss"]
[EventCountry "RUS"]
[SourceTitle "playchess.com"]
[Source "ChessBase"]
[SourceQuality "1"]
[TimeControl "900+10"]

1. c4 {[%emt 0:00:00]} e5 {[%emt 0:00:00]} 2. g3 {[%emt 0:00:00]} Nc6 {[%emt 0:00:00]} 3. Nc3 {[%emt 0:00:00]} f5 {[%emt 0:00:00]} 4. Nf3 {[%emt 0:00:00]} e4 {[%emt 0:00:52]} 5. Nh4 {[%emt 0:00:04]} d6 {[%emt 0:01:37]} 6. d3 {[%emt 0:00:40]} exd3 {[%emt 0:01:22]} 7. Qxd3 {[%emt 0:00:05]} Ne5 {[%emt 0:00:04]} 8. Qc2 {[%emt 0:00:52]} g6 {[%emt 0:01:38]} 9. Bg2 {[%emt 0:00:21]} Nf6 {[%emt 0:00:14]} 10. b3 {[%emt 0:00:13]} Bg7 {[%emt 0:00:24]} 11. Bb2 {[%emt 0:00:03]} O-O {[%emt 0:00:03]} 12. O-O {[%emt 0:00:03]} Nfg4 {[%emt 0:01:01]} 13. h3 {[%emt 0:02:01]} Nh6 {[%emt 0:00:16]} 14. f4 {[%emt 0:00:49]} g5 {[%emt 0:00:28]} 15. Nf3 {[%emt 0:01:08]} gxf4 {[%emt 0:00:24]} 16. gxf4 {[%emt 0:00:16]} Ng6 {[%emt 0:01:25]} 17. e3 {[%emt 0:00:34]} c6 {[%emt 0:00:22]} 18. Rad1 {[%emt 0:00:24]} Qe7 {[%emt 0:01:20]} 19. Rfe1 {[%emt 0:00:05]} Nf7 {[%emt 0:00:09]} 20. Nd4 {[%emt 0:00:54]} Nh4 {[%emt 0:00:09]} 21. Bh1 {[%emt 0:00:11]} Bd7 {[%emt 0:00:46]} 22. Kh2 {[%emt 0:00:26]} Rae8 {[%emt 0:00:29]} 23. Qf2 {[%emt 0:00:12]} Kh8 {[%emt 0:00:54]} 24. Nf3 {[%emt 0:00:17]} Nxf3+ {[%emt 0:00:05]} 25. Bxf3 {[%emt 0:00:04]} Rg8 {[%emt 0:00:50]} 26. Bh5 {[%emt 0:00:23]} Ref8 {[%emt 0:01:37]} 27. Rg1 {[%emt 0:01:36]} Nd8 {[%emt 0:00:40]} 28. Qd2 {[%emt 0:04:12]} Rf6 {[%emt 0:01:29]} 29. Ne2 {[%emt 0:00:51]} Rh6 {[%emt 0:00:17]} 30. Bf3 {[%emt 0:02:03]} Bxb2 {[%emt 0:00:33]} 31. Qxb2+ {[%emt 0:00:02]} Qf6 {[%emt 0:00:01]} 32. Qxf6+ {[%emt 0:00:49]} Rxf6 {[%emt 0:00:02]} 33. Rge1 {[%emt 0:00:30]} Re8 {[%emt 0:00:28]} 34. Rd3 {[%emt 0:00:02]} Rfe6 {[%emt 0:00:22]} 35. Nd4 {[%emt 0:00:08]} Rh6 {[%emt 0:00:01]} 36. Red1 {[%emt 0:00:21]} Nf7 {[%emt 0:00:07]} 37. Nc2 {[%emt 0:00:06]} Kg7 {[%emt 0:00:09]} 38. Rg1+ {[%emt 0:00:06]} Kf8 {[%emt 0:00:13]} 39. b4 {[%emt 0:00:12]} Be6 {[%emt 0:00:12]} 40. Rc3 {[%emt 0:00:02]} Rg6 {[%emt 0:00:04]} 41. Rd1 {[%emt 0:00:04]} Rh6 {[%emt 0:00:03]} 42. b5 {[%emt 0:00:15]} Rc8 {[%emt 0:00:14]} 43. bxc6 {[%emt 0:00:02]} bxc6 {[%emt 0:00:00]} 44. Nd4 {[%emt 0:00:14]} Bd7 {[%emt 0:00:05]} 45. Rb1 {[%emt 0:00:09]} c5 {[%emt 0:00:13]} 46. Nb5 {[%emt 0:00:30]} Rb8 {[%emt 0:00:04]} 47. Ra3 {[%emt 0:00:07]} d5 {[%emt 0:00:08]} 48. Rxa7 {[%emt 0:00:06]} Bc6 {[%emt 0:00:15]} 49. Bxd5 {[%emt 0:00:21]} Bxd5 50. cxd5 Nd6 {[%emt 0:00:09]} 51. a4 {[%emt 0:00:13]} Nc4 {[%emt 0:00:02]} 52. Rg1 {[%emt 0:00:08]} Nxe3 {[%emt 0:00:09]} 53. Rgg7 {[%emt 0:00:06]} Nxd5 {[%emt 0:00:03]} 54. Raf7+ {[%emt 0:00:08]} Ke8 {[%emt 0:00:02]} 55. Rxf5 {[%emt 0:00:02]} Nf6 {[%emt 0:00:15]} 56. Nd6+ {[%emt 0:00:07]} Kf8 {[%emt 0:00:05]} 57. Rf7+ {[%emt 0:00:03]} Kg8 {[%emt 0:00:01]} 58. R7xf6 {[%emt 0:00:27]} Rb2+ {[%emt 0:00:02]} 59. Kg1 {[%emt 0:00:02]} Rb1+ {[%emt 0:00:09]} 60. Kf2 {[%emt 0:00:01]} Rb2+ {[%emt 0:00:02]} 61. Ke1 {[%emt 0:00:04]} 1-0